Central Library OPAC University of Rajshahi

The location of agricultural production / (Record no. 3094)

MARC details
000 -LEADER
fixed length control field 00697nam a2200241 a 4500
001 - CONTROL NUMBER
control field 3094
003 - CONTROL NUMBER IDENTIFIER
rucl marc code BD-RjUL
005 - DATE AND TIME OF LATEST TRANSACTION
control field 20211208233656.0
008 - FIXED-LENGTH DATA ELEMENTS--GENERAL INFORMATION
fixed length control field 131218s1954 flu 001 0 eng d
035 ## - SYSTEM CONTROL NUMBER
System control number (BD-RjUL)
System control number (BD-RjUL)3128
040 ## - CATALOGING SOURCE
Original cataloging agency ANL
Language of cataloging eng
Transcribing agency ANL
Modifying agency ABN:1
-- BD-RjUL
041 ## - LANGUAGE CODE
Language code of text/sound track or separate title eng
082 04 - DEWEY DECIMAL CLASSIFICATION NUMBER
Classification number 338.1
Author mark and year DUL
100 1# - MAIN ENTRY--PERSONAL NAME
Personal name Dunn, Edgar S.
9 (RLIN) 9807
245 14 - TITLE STATEMENT
Title The location of agricultural production /
Statement of responsibility, etc. by Edgar S. Dunn.
260 ## - PUBLICATION, DISTRIBUTION, ETC. (IMPRINT)
Place of publication, distribution, etc. Gainesville :
Name of publisher, distributor, etc. University of Florida Press,
Date of publication, distribution, etc. c1954.
300 ## - PHYSICAL DESCRIPTION
Pagination vii, 115 p. :
Illustrations ill. ;
Size 24 cm.
504 ## - BIBLIOGRAPHY, ETC. NOTE
Bibliography, etc Includes bibliographical references and index
505 0# - FORMATTED CONTENTS NOTE
Formatted contents note Index.
650 #0 - SUBJECT ADDED ENTRY--TOPICAL TERM
Topical term or geographic name as entry element Farms
General subdivision Location.
9 (RLIN) 9808
942 ## - ADDED ENTRY ELEMENTS (KOHA)
Source of classification or shelving scheme Dewey Decimal Classification
Koha item type Books
Holdings
Lost status Source of classification or shelving scheme Damaged status Not for loan Collection code Permanent Location Current Location Shelving location Date acquired Source of acquisition Cost, normal purchase price Total Checkouts Full call number Date last seen Copy number Koha item type
  Dewey Decimal Classification     Non-fiction Central Library, University of Rajshahi Central Library, University of Rajshahi   10/01/1958 Pak. American economy 12.80   338.1 DUL 1954 18/12/2013 C-2 Books